Contemporary Logistics in China Assimilation and Innovation /

This book gives a systematic exposition of China’s logistics development to the English-reading community. The ultimate goal of the book is to present a timely portrayal of China’s logistics market growth and the evolution status of China’s logistics industry. Being the fourth volume of the “Contemp...

Full description

Bibliographic Details
Corporate Author: SpringerLink (Online service)
Other Authors: Liu, Bing-lian (Editor), Lee, Shao-ju (Editor), Wang, Ling (Editor), Xu, Ya (Editor), Li, Xiang (Editor)
Format: Electronic eBook
Language:English
Published: Berlin, Heidelberg : Springer Berlin Heidelberg : Imprint: Springer, 2014.
Series:Current Chinese Economic Report Series,
Subjects:
Online Access:Full Text via HEAL-Link
LEADER 02991nam a22005415i 4500
001 978-3-642-55282-3
003 DE-He213
005 20151204185433.0
007 cr nn 008mamaa
008 140620s2014 gw | s |||| 0|eng d
020 |a 9783642552823  |9 978-3-642-55282-3 
024 7 |a 10.1007/978-3-642-55282-3  |2 doi 
040 |d GrThAP 
050 4 |a TS155-TS194 
072 7 |a KJMV  |2 bicssc 
072 7 |a BUS087000  |2 bisacsh 
082 0 4 |a 658.5  |2 23 
245 1 0 |a Contemporary Logistics in China  |h [electronic resource] :  |b Assimilation and Innovation /  |c edited by Bing-lian Liu, Shao-ju Lee, Ling Wang, Ya Xu, Xiang Li. 
264 1 |a Berlin, Heidelberg :  |b Springer Berlin Heidelberg :  |b Imprint: Springer,  |c 2014. 
300 |a IX, 233 p. 70 illus., 39 illus. in color.  |b online resource. 
336 |a text  |b txt  |2 rdacontent 
337 |a computer  |b c  |2 rdamedia 
338 |a online resource  |b cr  |2 rdacarrier 
347 |a text file  |b PDF  |2 rda 
490 1 |a Current Chinese Economic Report Series,  |x 2194-7937 
505 0 |a China’s Logistic Development Environment -- Development of China’s Logistics Market -- Logistics Facilities and Technological Development -- Logistics Development in Zhejiang -- Logistics Development in Fujian -- Development of Logistics in Shaanxi Province -- Development of Apparel Logistics in China -- Development of China's Port Logistics -- Logistics Service Innovation of China -- Development of China's Logistics Financial Service -- Operations Mode and Development Trend of Online Shopping Logistics in China. 
520 |a This book gives a systematic exposition of China’s logistics development to the English-reading community. The ultimate goal of the book is to present a timely portrayal of China’s logistics market growth and the evolution status of China’s logistics industry. Being the fourth volume of the “Contemporary Logistics in China”, the book strives to offer in-depth analysis on some hot issues and dilemmas amid the ongoing dynamic and multi-faceted development and also a source of reference for interested readers in academic and professional fields. 
650 0 |a Business. 
650 0 |a Production management. 
650 0 |a Industrial organization. 
650 0 |a Regional economics. 
650 0 |a Spatial economics. 
650 1 4 |a Business and Management. 
650 2 4 |a Operations Management. 
650 2 4 |a Regional/Spatial Science. 
650 2 4 |a Industrial Organization. 
700 1 |a Liu, Bing-lian.  |e editor. 
700 1 |a Lee, Shao-ju.  |e editor. 
700 1 |a Wang, Ling.  |e editor. 
700 1 |a Xu, Ya.  |e editor. 
700 1 |a Li, Xiang.  |e editor. 
710 2 |a SpringerLink (Online service) 
773 0 |t Springer eBooks 
776 0 8 |i Printed edition:  |z 9783642552816 
830 0 |a Current Chinese Economic Report Series,  |x 2194-7937 
856 4 0 |u http://dx.doi.org/10.1007/978-3-642-55282-3  |z Full Text via HEAL-Link 
912 |a ZDB-2-SBE 
950 |a Business and Economics (Springer-11643)